[Event "Caioba Copel op 5th"]
[Site "Caioba"]
[Date "2019.08.16"]
[Round "2"]
[White "Slobodjan, Lorenza Ribeiro"]
[Black "Freitas, Robson Silva"]
[Result "0-1"]
[WhiteElo "1254"]
[BlackElo "1672"]
[PlyCount "84"]
[EventDate "2019.08.15"]
[EventType "swiss"]
[EventRounds "6"]
[EventCountry "BRA"]
[SourceTitle "EXT 2020"]
[Source "ChessBase"]
[SourceDate "2019.10.17"]
[SourceVersion "1"]
[SourceVersionDate "2019.10.17"]
[SourceQuality "1"]

1. d4 Nf6 2. Bf4 e6 3. Nf3 d5 4. e3 Bd6 5. Bg3 Nc6 6. Bd3 Ne7 7. Nbd2 Ng6 8. c3 Qe7 9. Bxd6 Qxd6 10. 0-0 0-0 11. Re1 Bd7 12. e4 dxe4 13. Nxe4 Nxe4 14. Bxe4 Bc6 15. Bxg6 fxg6 16. Ne5 Rf6 17. Re2 Raf8 18. b4 Rf5 19. Qd2 Re8 20. Rae1 Rh5 21. Qf4 Rf8 22. Qg4 h6 23. h3 Rg5 24. Qxg5 hxg5 25. Nxg6 Rf6 26. Ne5 Qd5 27. f3 Bb5 28. Rd2 Bc4 29. a3 b6 30. Ng4 Rf7 31. Re5 Qd6 32. Rd1 Rf5 33. Re3 c5 34. d5 Rxd5 35. Rde1 Rd1 36. Rxd1 Qxd1+ 37. Kh2 Qd2 38. Re5 Bf1 39. Ne3 Qxc3 40. Rxe6 Bb5 41. Nf5 cxb4 42. Rg6 Qe5+ 0-1

[Event "Parana-chT (Women) 61st"]
[Site "Londrina"]
[Date "2018.09.26"]
[Round "6.1"]
[White "Slobodjan, Lorenza Ribeiro"]
[Black "Souza, Kim Garcia De"]
[Result "1/2-1/2"]
[WhiteElo "1254"]
[BlackElo "1768"]
[PlyCount "125"]
[EventDate "2018.09.24"]
[EventType "team-tourn"]
[EventRounds "6"]
[EventCountry "BRA"]
[SourceTitle "CBM 187 Extra"]
[Source "ChessBase"]
[SourceDate "2018.11.04"]
[SourceVersion "1"]
[SourceVersionDate "2018.11.04"]
[SourceQuality "1"]
[WhiteTeam "Campo Mourao (W)"]
[BlackTeam "Maringa (W)"]
[WhiteTeamCountry "BRA"]
[BlackTeamCountry "BRA"]

1. d4 d5 2. Bg5 Nf6 3. Bxf6 exf6 4. e3 Bd6 5. c4 dxc4 6. Bxc4 0-0 7. Nc3 c6 8. Nf3 Bg4 9. 0-0 Nd7 10. h3 Bh5 11. Ne4 Bc7 12. Ng3 Nb6 13. Bd3 Bg6 14. Be2 Nd5 15. Qb3 Bxg3 16. fxg3 Qc7 17. Kh2 Rfe8 18. Bc4 Nxe3 19. Rfe1 Nf5 20. Nd2 Nxd4 21. Rxe8+ Rxe8 22. Qd1 Nf5 23. Qg4 Qe5 24. Qf4 h6 25. Nf3 Qxb2 26. Rd1 Ne3 27. Rd2 Qb6 28. Nh4 Nxc4 29. Qxc4 Re1 30. Nf3 Re4 31. Qc3 Re8 32. Nh4 Qe3 33. Qb2 Qb6 34. Qc3 Re3 35. Qc4 Be4 36. Rd7 Bd5 37. Qf4 Re8 38. g4 Qe3 39. Qc7 Qe5+ 40. Qxe5 fxe5 41. Rxb7 Bxa2 42. Rxa7 Bd5 43. Nf5 e4 44. Kg1 Rb8 45. Nd6 Rb2 46. Ra3 e3 47. Rxe3 Rxg2+ 48. Kf1 Rd2 49. Ke1 Rh2 50. Nf5 Rb2 51. Rc3 Rb1+ 52. Kd2 Rb2+ 53. Kd3 Rb7 54. Kd4 Rb4+ 55. Kc5 Rb5+ 56. Kd6 Be4 57. Ne7+ Kh7 58. Nxc6 Bxc6 59. Kxc6 Rb8 60. Kd7 Rb1 61. Rf3 Kg6 62. Ke7 Rb7+ 63. Kf8 1/2-1/2

[Event "Caioba Telecom op"]
[Site "Caioba"]
[Date "2018.08.04"]
[Round "8"]
[White "Slobodjan, Lorenza Ribeiro"]
[Black "Felix, Jhulia Vitoria"]
[Result "1/2-1/2"]
[WhiteElo "1821"]
[BlackElo "1362"]
[PlyCount "60"]
[EventDate "2018.08.01"]
[EventType "swiss"]
[EventRounds "9"]
[EventCountry "BRA"]
[SourceTitle "CBM 186 Extra"]
[Source "ChessBase"]
[SourceDate "2018.08.24"]
[SourceVersion "1"]
[SourceVersionDate "2018.08.24"]
[SourceQuality "1"]

1. d4 d5 2. Nf3 Nf6 3. Bg5 e6 4. e3 Be7 5. Bd3 h6 6. Bf4 c5 7. c3 Nc6 8. 0-0 0-0 9. Re1 Bd6 10. Bxd6 Qxd6 11. Nbd2 Bd7 12. e4 dxe4 13. Bxe4 cxd4 14. Bxc6 Bxc6 15. Nxd4 Rfd8 16. Nc4 Qd5 17. Ne3 Qd6 18. Qc2 Be4 19. Qe2 e5 20. Ndf5 Bxf5 21. Nxf5 Qd2 22. h3 Qxe2 23. Rxe2 e4 24. Ng3 b6 25. Nxe4 Nxe4 26. Rxe4 Rd2 27. Rb1 Rad8 28. g3 Rc2 29. Rd4 Rxd4 30. cxd4 Re2 1/2-1/2